Reformy v Vostočnoj Jevrope: ot podgotovitel'nogo etapa k radikal'nym preobrazovanijam.

Premeny vo východnej Európe zamerané na vytvorenie kapitalistického ekonomického systému. Zmeny v štruktúre ekonomiky a vlastníckych vzťahoch, opatrenia na ozdravenie cenového systému a peňažno-finančnej sféry. Modely privatizácie.

Gespeichert in:
Bibliographische Detailangaben
1. Verfasser: Nesterenko, A.
Format: Buchkapitel
Sprache:Russisch
Schlagworte:
Tags: Tag hinzufügen
Keine Tags, Fügen Sie das erste Tag hinzu!

MARC

LEADER 00000naa a2200000 4500
001 r004030
005 20221208123325.6
041 0 |a rus 
044 |a [SU] 
245 1 0 |a Reformy v Vostočnoj Jevrope: ot podgotovitel'nogo etapa k radikal'nym preobrazovanijam.  |c A. Nesterenko 
520 |a Premeny vo východnej Európe zamerané na vytvorenie kapitalistického ekonomického systému. Zmeny v štruktúre ekonomiky a vlastníckych vzťahoch, opatrenia na ozdravenie cenového systému a peňažno-finančnej sféry. Modely privatizácie. 
610 2 0 |a reformy hospodárske 
610 2 0 |a východná Európa 
610 2 0 |a vlastníctvo 
610 2 0 |a zmeny štruktúrne 
610 2 0 |a sústava cenová 
610 2 0 |a privatizácia 
610 2 0 |a sústava finančná 
100 1 |a Nesterenko, A.